Taylor Swift - Paroles Karma (feat. Ice Spice) - Statistiques

Statistiques générales
  • Ce quiz a été pris 21 fois
    18 depuis la dernière actualisation
  • Le résultat moyen est 298 sur 459
Statistiques - réponses
Hint Réponse % Correct
a
100%
(Ah)
100%
grrah
100%
(Grrah)
100%
I
100%
it
100%
Couplet 2 | Intro | Outro Karma
100%
karma
100%
(Karma
100%
is
93%
(Mmm)
93%
Pré-refrain And
86%
and
86%
It's
86%
it's
86%
like
86%
(Like)
86%
to
86%
boyfriend
79%
boyfriend)
79%
me
79%
Me
79%
my
79%
on
79%
the
79%
be
71%
but
71%
cat
71%
'Cause
71%
Refrain ‘Cause
71%
'cause
71%
Refrain ’Cause
71%
girl,
71%
god
71%
in
71%
know
71%
that
71%
you
71%
You
71%
your
71%
for
64%
get
64%
guy
64%
queen
64%
shit
64%
what
64%
why
64%
acrobat
57%
all
57%
baby,
57%
breeze
57%
by
57%
(Grrah)
57%
hair
57%
hell
57%
honey,
57%
if
57%
I'm
57%
(I'm
57%
just
57%
look
57%
mean
57%
of
57%
Of
57%
relaxing
57%
she
57%
So,
57%
so
57%
Step
57%
step,
57%
Sweet
57%
talking
57%
thought
57%
weekend
57%
(Weekend)
57%
Couplet 1 You're
57%
you're
57%
Addicted
50%
around
50%
Bridge Ask
50%
back
50%
clean
50%
comin'
50%
down
50%
friends
50%
goddamn
50%
her
50%
justice,
50%
keep
50%
not?
50%
okay,
50%
side
50%
street
50%
terrified
50%
there
50%
those
50%
vibe
50%
ya
50%
ya,
50%
ain't
43%
alone
43%
Aren't
43%
beauty
43%
betrayal,
43%
bounty
43%
burned
43%
dare,
43%
earned
43%
envious
43%
(Ever,
43%
ever)
43%
fire
43%
Flexing
43%
from
43%
gonna
43%
Got
43%
ground
43%
here
43%
here,
43%
here)
43%
home
43%
house
43%
hunter
43%
Karma's
43%
karma's
43%
lap
43%
learned
43%
leavin'
43%
loves
43%
Purring
43%
see
43%
still
43%
tears
43%
thunder
43%
town
43%
track
43%
wouldn't
43%
you'll
43%
behavior
36%
cash
36%
Coming
36%
(Damn)
36%
everyone
36%
(Facts)
36%
fade,
36%
flags,
36%
gets
36%
glare
36%
gotta
36%
it'll
36%
lazy
36%
many
36%
never
36%
(Never)
36%
now
36%
pageant,
36%
Promise
36%
Rattlin'
36%
relevant
36%
save
36%
scent
36%
screen
36%
straight
36%
summit
36%
switchin'
36%
takes
36%
Thinkin'
36%
up
36%
up,
36%
wavin'
36%
winning
36%
worry,
36%
years
36%
bestie
29%
bounce
29%
'boutta
29%
bread
29%
draggin'
29%
endeavor
29%
head
29%
hold
29%
lesser
29%
let
29%
none
29%
opps
29%
pop
29%
pretty
29%
put
29%
throne
29%
unannounced
29%
wagon,
29%
Watch
29%
white
29%
with
29%
won't
29%
feenin'
21%
chеck's
7%
Aucun quiz correspondant
Distribution des résultats
% des personnes avec chaque résultat
Percentile par nombre de réponses
Votre historique - résultats
Vous n’avez pas pris ce quiz depuis la dernière actualisation